Louis Tomlinson - Lucid - All lyrics - Statistics

General Stats
  • This quiz has been taken 36 times
  • The average score is 129 of 152
Answer Stats
Answer % Correct
be
100%
did
100%
get
100%
here?
100%
here?)
100%
How
100%
(How
100%
I
100%
dream
95%
I’ll
95%
ok
95%
ok,
95%
Lucid
90%
no
90%
awake
85%
do
85%
ever
85%
In
85%
is
85%
looks
85%
me
85%
the
85%
it’s
80%
like
80%
magnolia
80%
PVC
80%
same
80%
some
80%
this
80%
to
80%
ways
80%
always
75%
Everybody
75%
If
75%
Nothing
75%
real
75%
where
75%
as
70%
else
70%
need
70%
quite
70%
reality
70%
someone
70%
speak
70%
strange
70%
they
70%
Why
70%
before
65%
feeling’s
65%
I'm
65%
sleep?
65%
Standing
60%
stood
60%
floor
55%
Linoleum
55%
payment
55%
plan
55%
superstore
55%
touch
55%
Lifetime
50%
Ripples
50%
Heavy
45%
Walking
45%
slab
20%
paving
15%
No matching quizzes found
Score Distribution
Percent of People with Each Score
Percentile by Number Answered
Your Score History
You have not taken this quiz